LDR 00622naa#a2200169#i#450# 001 EN\\bibl\120391 005 20260602104922.2 011 ## _a2074-8183 100 ## _a20260331b2026####ek#y0engy0150####ca 102 ## _aRU 200 1# _aCRIME COMMISSION ACCOMPANIED WITH PUBLIC MANIFESTATION: SOME ISSUES OF INTERPRETING CRIMINAL LAW NORMS _eJournal article 210 1# _aVolgograd _cVolgograd Academy of the Ministry of Internal Affairs of Russia _d2026 215 ## _a11 с. 608 ## _aJournal article _2local 675 ## _aОтягчающие обстоятельства. 343.235 _z 700 #1 _aEgorova _gNatalya A. 856 4# _ava-mvd.editorum.ru _u